| 000 | 00427nam a2200133Ia 4500 | ||
|---|---|---|---|
| 008 | 170516s9999 xx 000 0 und d | ||
| 245 | _aGadolinium-Based Nanoparticles and Radiation Therapy for Multiple Brain Melanoma Metastases: Proof of Concept before Phase I Trial | ||
| 260 | _bTheranostics | ||
| 260 | _c2016 | ||
| 300 | _a6:3 | ||
| 650 | _xMedical Technology | ||
| 650 | _xMedtech | ||
| 856 | _uhttp://www.thno.org/v6i3 | ||
| 999 |
_c330279 _d330279 |
||